Normal view
MARC view
- Abdon, Ann Paullette A.
Entry Personal Name
001 - CONTROL NUMBER
- control field: 2362
003 - CONTROL NUMBER IDENTIFIER
- control field: URS
005 - DATE AND TIME OF LATEST TRANSACTION
- control field: 20220906151746.0
008 - FIXED-LENGTH DATA ELEMENTS
- fixed length control field: 220906|| aca||aabn | a|a d
040 ## - CATALOGING SOURCE
- Original cataloging agency: URS
100 ## - HEADING--PERSONAL NAME
- Personal name: Abdon, Ann Paullette A.
- Relator term: author